Normal view
MARC view
Entry Nombre personal
001 - NÚMERO DE CONTROL
- campo de control: 1145
003 - IDENTIFICADOR DE NÚMERO DE CONTROL
- campo de control: DLC
005 - FECHA Y HORA DE LA ÚLTIMA TRANSACCIÓN
- campo de control: 20260428192905.0
008 - ELEMENTOS DE DATO DE LONGITUD-FIJA
- campo de control de longitud fija: 800815n| azannaabn |n aaa
010 ## - NÚMERO DE CONTROL DE LA BIBLIOTECA DEL CONGRESO
- Número de control de LC: n 50049997
035 ## - NÚMERO DE CONTROL DEL SISTEMA
- Número de control de sistema: (OCoLC)oca00085023
040 ## - FUENTE DE CATALOGACIÓN
- Centro catalogador/agencia de origen: DLC
- Lengua de catalogación: eng
- Normas de descripción: rda
- Centro/agencia transcriptor: DLC
- Centro/agencia modificador: DLC
- Centro/agencia modificador: NjP
- Centro/agencia modificador: TNJ
- Centro/agencia modificador: OCoLC
- Centro/agencia modificador: IEN
- Centro/agencia modificador: DLC
046 ## - FECHAS CON CODIFICACIÓN ESPECIAL
- Fecha de nacimiento: 1931
- Fecha de la muerte: 2000-02-01
- Fuente del esquema de fecha: edtf
053 #0 - NÚMERO DE CLASIFICACIÓN LC
- Número de clasificación–único número o número inicial del rango: PR6023.E912
100 1# - ENCABEZAMIENTO-NOMBRE DE PERSONA
- Nombre de persona: Levi, Peter
670 ## - FUENTE DE DATOS ENCONTRADOS
- Cita de la fuente: His The gravel ponds, poems, 1960.
670 ## - FUENTE DE DATOS ENCONTRADOS
- Cita de la fuente: Eden renewed, c1996:
- Información encontrada: t.p. (Peter Levi) p. facing t.p. (list of works provided) jkt. (has been prof. of poetry at Oxford Univ., poet, biographer)
670 ## - FUENTE DE DATOS ENCONTRADOS
- Cita de la fuente: Viriditas, 2001:
- Información encontrada: t.p. (Peter Levi) p. 4 of cover (b. 1931; poet and prolific writer of biographies, travel books, translations, critical and scholarly works, and thrillers, and former Jesuit priest, d. Feb. 1, 2000)
670 ## - FUENTE DE DATOS ENCONTRADOS
- Cita de la fuente: Info. converted from 678, 2012-10-02
- Información encontrada: (b. 1931; S.J.)